| 000 | 01157cam a2200289 4500 | ||
|---|---|---|---|
| 001 | WB3616-27 | ||
| 008 | 000000n2000 000 0 eng u | ||
| 035 | _a(Sirsi) u105502 | ||
| 245 | _aLease proposals provoke concern | ||
| 260 | _c2000 | ||
| 490 |
_aProperty Week _v65 (15) 14 April 2000, 6 |
||
| 490 |
_aProperty Week _v65(16) 20 April 2000, 6(2) |
||
| 520 | _aConsiders reactions to ASB plans for the new treatment of leases, outlined in the recent paper "Leases: implementation of a new approach". RICS and IPF support proposals; the BPF has come out against and British Retail Consortium warns of disastrous effects on the retail sector. The RICS response is available on the RICS web page www.rics.org. | ||
| 590 | _aWB | ||
| 650 | _aLEASES | ||
| 650 | _aREFORM | ||
| 650 | _aCOMMERCIAL LEASES | ||
| 650 | _aACCOUNTING STANDARDS BOARD | ||
| 650 | _aBALANCE SHEETS | ||
| 650 | _aRETAIL SECTOR | ||
| 650 | _aBRITISH RETAIL CONSORTIUM | ||
| 650 | _aABOUT RICS-RELATED ORGANISATIONS-INVESTMENT PROPERTY FORUM | ||
| 650 | _aRICS | ||
| 650 | _aNACORE | ||
| 690 | _aMANAGEMENT-BUSINESS MANAGEMENT-FINANCIAL MANAGEMENT | ||
| 942 | _n0 | ||
| 999 |
_c63214 _d63214 |
||